| 000 | 00466nam a22001577a 4500 | ||
|---|---|---|---|
| 003 | NUST | ||
| 005 | 20240227103245.0 | ||
| 082 | _a005.1,AHM | ||
| 100 |
_aAhmed, Hannia _935227 |
||
| 245 |
_aAn Improved Content Based Image Retrival Technique / _cHannia Ahmed, |
||
| 260 |
_aRawalpindi _bMCS - NUST, _c 2017 |
||
| 300 | _a49 p. ; 30cm | ||
| 650 |
_aComputer Science-An Improved Content Based Image _935228 |
||
| 700 |
_aDr. Abdul Ghafoor _916207 |
||
| 942 |
_2ddc _cTHE |
||
| 999 |
_c608305 _d608305 |
||